Trilateral Cooperative Arrangement (TCA) the importance and implication to Malaysia national security
Saved in:
| Main Author: | |
|---|---|
| Corporate Author: | |
| Format: | Thesis Book |
| Language: | English |
| Series: | Thesis
Tesis |
| Subjects: | |
| Tags: |
Add Tag
No Tags, Be the first to tag this record!
|
| Call Number : | VA 40 .N394 2020 |
MARC
| LEADER | 00000nam a2200000 c 4500 | ||
|---|---|---|---|
| 001 | 88321 | ||
| 003 | MY-KLNDU | ||
| 005 | 20241219044442.0 | ||
| 008 | 221104s2020 my ab abm 000 0 eng d | ||
| 039 | 9 | |a 202211041252 |b VLOAD |c 202202151113 |d azraai |y 202105181100 |z izzuddin | |
| 040 | |a UPNM |b eng |c UPNM |e rda | ||
| 090 | |a VA 40 |b .N394 2020 | ||
| 100 | 0 | |a Nor Azharuddin Shaharuddin |e author | |
| 245 | 1 | 0 | |a Trilateral Cooperative Arrangement (TCA) |b the importance and implication to Malaysia national security |c Mej Nor Azharuddin bin Shaharuddin |
| 264 | 0 | |a Kuala Lumpur |b Universiti Pertahanan Nasional Malaysia |c 2020 | |
| 300 | |a xiii, 95 leaves |b illustrations, maps |c 30 cm | ||
| 336 | |a text |2 rdacontent | ||
| 337 | |a unmediated |2 rdamedia | ||
| 338 | |a volume |2 rdacarrier | ||
| 490 | 0 | |a Thesis | |
| 490 | 0 | |a Tesis | |
| 502 | |a Thesis (Executive Diploma in Strategic and Defence Studies) -- Universiti Pertahanan Nasional Malaysia, 2020 | ||
| 504 | |a Includes bibliographical references | ||
| 650 | 0 | |a Sea control |x International cooperation | |
| 650 | 0 | |a National security |z Malaysia | |
| 651 | 0 | |a Malaysia |x Foreign relations |z Indonesia | |
| 651 | 0 | |a Malaysia |x Foreign relations |z Phillipines | |
| 651 | 0 | |a Indonesia |x Foreign relations |z Malaysia | |
| 651 | 0 | |a Indonesia |x Foreign relations |z Phillipines | |
| 651 | 0 | |a Phillipines |x Foreign relations |z Malaysia | |
| 651 | 0 | |a Phillipines |x Foreign relations |z Indonesia | |
| 710 | 2 | |a Universiti Pertahanan Nasional Malaysia. |b Executive Diploma in Strategic and Defence Studies | |
| 999 | |a vtls000099962 |c 88321 |d 88321 | ||